000 00371nam a2200121Ia 4500
008 230907s9999||||xx |||||||||||||| ||und||
082 _a621.51
_bYOO
100 _aYun, Se-yŏng.
_9115439
245 0 _aControl of surge in centrifugal compressors by active magnetic bearings :
260 _aSpringer,
_bLondon ; | New York :
_c2013
300 _axxi, 275 p. :
942 _cBK
999 _c598405
_d598405